00866nam a2200241Ia 450000500170000000800410001702000150005804100080007308200150008110000200009624501060011625000220022230000250024465000450026965000590031465000420037370000370041526400490045233600270050133700330052833800280056104000350058920220316235724.0121119s1996 mx gr 000 0 spa  a96816182381 aspa04a509 bD21H1 aDebus, Allen G.13aEl hombre y la naturaleza en el renacimientobpor Allen G. Debus ; traducción, Sergio Lugo Rendón aPrimera edición a285 páginasc17 cm14aCienciaxHistoria ySiglos XV-XVII2LEMB14aDesarrollo científico y tecnológicoySiglo XV-XVII14aRenacimientoxHistoriaySiglo XV-XVII1 aLugo Rendón, Sergioetraductor aMéxicobFondo de Cultura Económicac1996 atextobtxt2rdacontent asin mediaciónbn2rdamedia avolumenbnc2rdacarrier aCO-BoRNBPbspaerdacCO-BoRNBP